000 00763nam a22001937a 4500
003 DO-CoUTE
005 20260525140627.0
008 260525b dr ||||| |||| 00| 0 spa d
040 _aDO-CoUTE
_bspa
_cDO-CoUTE
082 _aRD972.93052R741O
100 1 _aDe Leuchsenring Roig, Emilio
_eAutor
245 1 0 _aLa ocupación de la República Dominicana por los Estados Unidos y el derecho de las pequeñas nacionalidades de america /
_cEmilio Roig de Leuchsenring
260 _aSanto Domingo ;
_bArchivo General de la nación
_c2017
300 _a134 Paginas :
_bilustraciones ;
_c23cm,
504 _aIncluye referencia bibliográfica e índice.
650 4 _aocupación norteamerica
700 1 _aEmilio Roig de Leuchsenring
_eAutor
942 _2ddc
_cBK
999 _c24231
_d24231